00254 a2200109 4500001000700000020000600007040001100013100002400024240004600048245004100094362000900135174659 a  cMagnum aBoas, Marion Villas10aFadas, dragoes e princesas nem tantolpor10aFadas, dragoes e princesas nem tanto0 a1899